000 02652nam a22002417a 4500
003 OSt
005 20230718181951.0
008 230718b ||||| |||| 00| 0 spa d
020 _a9789587584660
040 _cCO-MqBPB
082 _a305.50973
_bS74p
100 _aStiglitz, Joseph E./
_d1943-
245 _aEl precio de la desigualdad : el 1% de la población tiene lo que el 99% necesita /
_cJoseph E. Stiglitz ; traducción de Alejandro Pradera.
260 _aBogotá :
_bTaurus,
_c2012.
300 _a 498 páginas;
_bTapa Rústica,
_c 24 cm.
490 _a1a. edición
500 _aEl 1 % de la población disfruta de las mejores viviendas, la mejor educación, los mejores médicos y el mejor nivel de vida, pero hay una cosa que el dinero no puede comprar: la comprensión de que su destino está ligado a cómo vive el otro 99 %. A lo largo de la historia esto es algo que esa minoría solo ha logrado entender… cuando ya era demasiado tarde. Las consecuencias de la desigualdad son conocidas: altos índices de criminalidad, problemas sanitarios, menores niveles de educación, de cohesión social y de esperanza de vida. Pero ¿cuáles son sus causas, por qué está creciendo con tanta rapidez y cuál es su efecto sobre la economía? El precio de la desigualdad proporciona las esperadas respuestas a estas apremiantes cuestiones en una de las más brillantes contribuciones de un economista al debate público de los últimos años. El premio Nobel Joseph Stiglitz muestra cómo los mercados por sí solos no son ni eficientes ni estables y tienden a acumular la riqueza en manos de unos pocos más que a promover la competencia. Revela además cómo las políticas de gobiernos e instituciones son propensas a acentuar esta tendencia, influyendo sobre los mercados en modos que dan ventaja a los más ricos frente al resto. La democracia y el imperio de la ley se ven a su vez debilitados por la cada vez mayor concentración del poder en manos de los más privilegiados. Este libro constituye una contundente crítica a las ideas del libre mercado y a la dirección que Estados Unidos y muchas otras sociedades han tomado durante los últimos treinta años, demostrando por qué no es solo injusta sino además insensata. Stiglitz ofrece esperanza en la forma de un concreto conjunto de reformas que contribuirían a crear una sociedad más justa y equitativa, además de una economía más sólida y estable.
586 _aPremio Novel de Economía
651 _aEstados Unidos Igualdad
_xAspectos sociales
651 _aDemocracia
_xDistribución del ingreso
651 _aCondiciones socioeconómicas
942 _2ddc
_cBK
999 _c14948
_d14948